Effectif RB Leipzig 2025/2026 - Statistiques

Statistiques générales
  • Ce quiz a été pris 202 fois
    12 depuis la dernière actualisation
  • Le résultat moyen est 11 sur 31
Statistiques - réponses
Poste Numéro Pays Joueur % Correct
ATT 7 Norvège Antonio Nusa
100%
DEF 23 France Castello Lukeba
90%
DEF 22 Allemagne David Raum
90%
G 1 Hongrie Péter Gulácsi
80%
DEF 4 Hongrie Willi Orbán
80%
MIL 14 Autriche Christoph Baumgartner
70%
DEF 5 France El Chadaille Bitshiabu
70%
DEF 16 Allemagne Lukas Klostermann
70%
ATT 49 Côte d'Ivoire Yan Diomande
70%
MIL 24 Autriche Xaver Schlager
60%
MIL 13 Autriche Nicolas Seiwald
50%
DEF 39 Allemagne Benjamin Henrichs
40%
COACH - Allemagne Ole Werner
40%
ATT 11 Danemark Conrad Harder
30%
ATT 9 Belgique Johan Bakayoko
30%
DEF 19 Serbie Kosta Nedeljkovic
30%
G 26 Belgique Maarten Vandevoordt
30%
ATT 40 Brésil Rômulo
30%
ATT 10 Allemagne Brajan Gruda
20%
MIL 6 Pays-Bas Ezechiel Banzuzi
10%
DEF 17 Allemagne Ridle Baku
10%
ATT 45 France Samba Konaté
10%
ATT 27 France Tidiam Gomis
10%
MIL 33 Serbie Andrija Maksimovic
0%
MIL 20 Allemagne Assan Ouédraogo
0%
ATT 21 Pays-Bas Ayodele Thomas
0%
MIL 42 Belgique Joyeux Masanka Bungi
0%
G 25 Allemagne Leopold Zingerle
0%
DEF 35 Allemagne Max Finkgräfe
0%
ATT 18 Belgique Suleiman Sani
0%
MIL 47 Allemagne Viggo Gebel
0%
Aucun quiz correspondant
Distribution des résultats
% des personnes avec chaque résultat
Percentile par nombre de réponses
Votre historique - résultats
Vous n’avez pas pris ce quiz depuis la dernière actualisation